00849nam a2200193 a 4500001001000000003000400010005001700014008004100031040002500072082001500097100003300112245018700145260006600332300002000398500012700418500007400545650002100619651001500640000030893OSt20260414135148.0110603s1944 dr 000 0 spa d aDO-SdBNPbspacBNPHU 4a327bS211p1 aSánchez Lustrino, Gilberto13aEl panamericanismo /cGilberto Sánchez Lustrino.bconferencia pronunciada el 14 de abril del 1944, día de las Américas, en el paraninfo de la Universidad de Santo Domingo. aCiudad Trujillo, República Dominicana :bLa Opinion,c1944. a27 p. ;c23 cm. aConferencia pronunciada el 14 de abril del 1944, Día de las Américas, en Paraninfo de la Universidad de Santo Domingo. aIncluye referencias bibliográficas y notas al pie de las páginas. 0aPanamericanismo  0aAmérica